Top 50 Universities in the UK - Statistics

General Stats
  • This quiz has been taken 87 times
  • The average score is 31 of 50
Answer Stats
Rank University % Correct
1 University of Cambridge
99%
2 University of Oxford
99%
18 University of Manchester
97%
33 Cardiff University
93%
22 Newcastle University
92%
15 University of Birmingham
92%
23 University of Edinburgh
92%
13 University of Leeds
92%
36 University of Liverpool
91%
30 University of Sheffield
88%
24 University of Glasgow
86%
17 University of Nottingham
86%
15 University of Bristol
85%
39 Swansea University
82%
6 Durham University
81%
21 University of York
81%
20 University of Southampton
80%
36 Queen's University Belfast
74%
28 University of Aberdeen
74%
12 University of Exeter
73%
5 University of St Andrews
73%
11 University of Bath
72%
9 University of Warwick
72%
10 University College London
70%
34 University of Leicester
69%
47 Coventry University
68%
3 London School of Economics and Political Science
64%
32 University of Reading
62%
4 Imperial College London
61%
14 University of East Anglia
61%
8 Lancaster University
58%
44 University of Kent
57%
31 University of Dundee
55%
43 University of Lincoln
50%
25 University of Sussex
50%
7 Loughborough University
49%
26 King's College London
47%
19 University of Surrey
46%
38 Queen Mary, University of London
45%
26 University of Essex
45%
40 University of Stirling
43%
45 Aston University
32%
28 Royal Holloway, University of London
30%
46 SOAS, University of London
28%
40 University of Strathclyde
26%
42 Nottingham Trent University
23%
50 Brunel University
22%
35 Heriot-Watt University
19%
48 Harper Adams University
5%
49 The Arts University Bournemouth
1%
No matching quizzes found
Score Distribution
Percent of People with Each Score
Percentile by Number Answered
Your Score History
You have not taken this quiz